01078nam a2200241 4500999001500000001000600015003000900021005001700030008004100047040003800088082002400126245010300150260004500253300002200298505001200320650004400332700003100376700003600407942001200443952012700455952012700582952012700709 c1844d184413788BD-DhUAP20200217110615.0200217s2009 bg mx p w 0 a0eng d aBD-DhAALcBD-DhAALbEngdBD-DhUAP00223a340.5492115 BAN00aBangladesh legal decision /cedited by Shirin Sharmin Chaudhury and Sheikh Muhammed Serajul Islam. aDhaka :bBangladesh Bar Council,cc2009. avolumes ;c26 cm. aV. 29-- aLawxPsychological aspectszBangladesh. aChaudhury, Shirin Sharmin. aIslam, Sheikh Muhammed Serajul. 2ddccBK 00102ddc4070aUAPCLbUAPCLcGeneral Stacksd2020-02-17o340.5492115 BAN V-29p3010013788r2020-02-17t1w2020-02-17yBK 00102ddc4070aUAPCLbUAPCLcGeneral Stacksd2020-02-17o340.5492115 BAN V-29p3010019473r2020-02-17t2w2020-02-17yBK 00102ddc4070aUAPCLbUAPCLcGeneral Stacksd2020-02-17o340.5492115 BAN V-29p3010013631r2020-02-17t3w2020-02-17yBK